Statistics for Hetalia

Click here to take the quiz!

General Stats

  • This quiz has been taken 836 times
  • The average score is 9 of 10

Answer Stats

HintAnswer% Correct
"I'm the Hero!"America
100%
"PASTA~"Italy
100%
"Flying mint Bunny!"England
98%
"Become one with mother Russia,da?"Russia
98%
"I will now express my anger through the piano"Austria
96%
"I...I Want you to marry me England."France
96%
"Herr Stick"Germany
94%
"AWESOME"Prussia
94%
"Maybe if I make noise they'll notice me!"Canada
93%
"Big Bruder,where are you?"Belarus
71%

Score Distribution

Percentile by Number Answered

Percent of People with Each Score

Your Score History

You have not taken this quiz